Statistics for North American countries

Click here to take the quiz!

General Stats

  • This quiz has been taken 22 times
  • The average score is 18 of 23

Answer Stats

Answer% Correct
Canada
100%
Cuba
100%
Bahamas
94%
Guatemala
94%
Mexico
94%
Costa Rica
88%
United States of America
88%
Belize
81%
Dominica
81%
Dominican Republic
81%
El Salvador
81%
Haiti
81%
Panama
81%
Antigua and Barbuda
75%
Honduras
75%
Jamaica
75%
Trinidad and Tobago
75%
Barbados
69%
Grenada
69%
Nicaragua
69%
St Lucia
63%
St Vincent and the Grenadines
63%
St Kitts and Nevis
56%

Score Distribution

Percentile by Number Answered

Percent of People with Each Score

Your Score History

You have not taken this quiz